=LDR 00000nam 2200000 4500 =001 INLIS000000000034175 =005 20130612140105 =008 ***********************************ind** =035 ##$$0010-061300000034175 =041 ##$$a ind =082 ##$$a 641.7 =090 ##$$a 641.7, Wid a =100 ##$$a WIDODO, Age =245 ##$$a Ayo membuat bandeng presto, Age Widodo =250 ##$$a Seri Bidang Wirausaha ) =260 ##$$a 2007 $b Jakarta =300 ##$$a vi, 50 hlm, ilus, 21 cm =650 ##$$a Masakan - Bandeng Presto =850 ##$$a NBPNMAT